000 00316nam a22001457a 4500
008 210607b ||||| |||| 00| 0 eng d
020 _a9780205285297
041 _aeng
080 _27th
_a159.9
082 _a159.9
100 _a48
101 _aPSI
245 _aPsychology
_cLester A. Lefton
942 _2udc
_cBK
999 _c58007
_d58007